00229nam a2200097Ia 4500008004100000100002100041245002500062260002800087300000800115650000800123191201s2014 xx 000 0 und d aSOMMERVILLE, Ian 0aSoftware Engineering aN. DelhibPearsonc2014 a700 aMCA